Wiedza ogólna - quiz wielokrotnego wyboru #1 - Statystyki

Ogólne statystyki
  • Ten quiz został rozwiązany 2 963 razy
    2 919 od ostatniego zresetowania
  • Średni wynik to 11 z 16
Statystyki odpowiedzi
Zagadnienie Odpowiedź % Poprawnych
Jak Spider-Man zdobył swoje moce? Ukąsił go radioaktywny pająk
96%
Jakie są główne kolory na fladze Hiszpanii? Czerwony i Żółty
94%
Co to jest pomelo? Największy owoc cytrusowy
93%
Czy kawa zawiera naturalnie kofeinę – czy jest dodawana później? Naturalną
92%
W jakim mieście rozgrywa się akcja serialu ,,Ojciec Mateusz''? Sandomierzu
90%
Ile dołków ma standardowa kula do kręgli? 3
89%
Ile pierścieni znajduje się na fladze olimpijskiej? 5
83%
Czy panda wielka to gatunek niedźwiedzia? Tak
65%
Kogo nazywamy braminami? Członków najwyższej kasty Indii
60%
Ile lat żył najdłużej słoń? 86 lat
57%
Kto zabił Greedo? Han Solo
56%
Które z tych zwierząt nie występuje w chińskim zodiaku? Niedźwiedź
53%
Ile punktów można zdobyć w rzutkach jednym rzutem? 60
51%
Ile punktów jest warta litera X w anglojęzycznym Scrabble? 8
44%
Jak nazywa się ten symbol: ¶? Pilcrow
39%
Czym jest wyrak? Ssakiem
31%
Nie znaleziono quizów pasujących do podanych kryteriów
Rozkład punktacji
Procent ludzi z każdym wynikiem
Percentyl według liczby udzielonych odpowiedzi
Twoja historia wyników
Nie rozwiązałeś tego quizu od ostatniego zresetowania